000 00881nam a2200253 a 4500
001 C01444560c-9
003 CO-ViMGA
005 20230915234238.0
008 140813s2014 ck gr 00010 spa d
020 _a9789588843056
040 _aCO-ViMGA
_bspa
_cCO-ViMGA
082 0 4 _a362.1
_bB51a
_221
100 1 _aBlanco Restrepo, Jorge Humberto.
_96167
245 1 0 _aAdministración de servicios de salud /
_cJorge Humberto Blanco Restrepo, José María Maya Mejía.
250 _aTercera edición.
260 _aMedellín :
_bCIB Fondo Editorial,
_c2014.
300 _axxi, 229 páginas ;
_c23 cm.
490 0 _aFundamentos de salud pública ;
_v2
504 _aIncluye bibliografías e índice.
650 1 4 _aSalud pública
_v Manuales.
_96626
650 1 4 _aAdministración de servicios de salud.
_91483
700 1 _aMaya Mejía, José María.
_96169
942 _2ddc
_cBK
999 _c37569
_d37569